{"text_format":"3","workbook":"xlsx","n_sheets":1,"sheets":["Sheet1"],"not_rendered":{"images":3},"read":"whole","date_system":"1900"}

{"sheet":"Sheet1","index":0,"n_rows":638,"n_cols":29,"rows_kept":638,"merged":[[0,0,0,28],[1,0,1,28],[2,16,2,28],[3,16,3,19],[3,20,3,24],[3,25,3,28],[4,0,4,2],[4,3,4,10],[4,11,4,15],[4,16,4,19],[4,20,4,24],[4,25,4,28],[5,0,5,2],[5,3,5,10],[5,11,5,15],[5,16,5,19],[5,20,5,24],[5,25,5,28],[6,0,6,2],[6,3,6,10],[6,11,6,15],[6,16,6,19],[6,20,6,24],[6,25,6,28],[7,0,7,2],[7,3,7,10],[7,11,7,15],[7,16,7,19],[7,20,7,24],[7,25,7,28],[8,0,8,2],[8,3,8,10],[8,11,8,15],[8,16,8,19],[8,20,8,24],[8,25,8,28],[9,0,9,2],[9,3,9,10],[9,11,9,15],[9,16,9,19],[9,20,9,24],[9,25,9,28],[10,0,10,2],[10,3,10,10],[10,11,10,15],[10,16,10,19],[10,20,10,24],[10,25,10,28],[11,0,11,2],[11,3,11,10],[11,11,11,15],[11,16,11,19],[11,20,11,24],[11,25,11,28],[12,0,12,2],[12,3,12,10],[12,11,12,15],[12,16,12,19],[12,20,12,24],[12,25,12,28],[13,0,13,2],[13,3,13,10],[13,11,13,15],[13,16,13,19],[13,20,13,24],[13,25,13,28],[14,0,14,2],[14,3,14,10],[14,11,14,15],[14,16,14,19],[14,20,14,24],[14,25,14,28],[15,0,15,2],[15,3,15,10],[15,11,15,15],[15,16,15,19],[15,20,15,24],[15,25,15,28],[16,0,16,2],[16,3,16,10],[16,11,16,15],[16,16,16,19],[16,20,16,24],[16,25,16,28],[17,0,17,2],[17,3,17,10],[17,11,17,15],[17,16,17,19],[17,20,17,24],[17,25,17,28],[18,0,18,2],[18,3,18,10],[18,11,18,15],[18,16,18,19],[18,20,18,24],[18,25,18,28],[19,0,19,2],[19,3,19,10],[19,11,19,15],[19,16,19,19],[19,20,19,24],[19,25,19,28],[20,0,20,2],[20,3,20,10],[20,11,20,15],[20,16,20,19],[20,20,20,24],[20,25,20,28],[21,0,21,2],[21,3,21,10],[21,11,21,15],[21,16,21,19],[21,20,21,24],[21,25,21,28],[22,0,22,2],[22,3,22,10],[22,11,22,15],[22,16,22,19],[22,20,22,24],[22,25,22,28],[23,0,23,2],[23,3,23,10],[23,11,23,15],[23,16,23,19],[23,20,23,24],[23,25,23,28],[24,0,24,2],[24,3,24,10],[24,11,24,15],[24,16,24,19],[24,20,24,24],[24,25,24,28],[25,0,25,2],[25,3,25,10],[25,11,25,15],[25,16,25,19],[25,20,25,24],[25,25,25,28],[26,0,26,2],[26,3,26,10],[26,11,26,15],[26,16,26,19],[26,20,26,24],[26,25,26,28],[27,0,27,2],[27,3,27,10],[27,11,27,15],[27,16,27,19],[27,20,27,24],[27,25,27,28],[28,0,28,2],[28,3,28,10],[28,11,28,15],[28,16,28,19],[28,20,28,24],[28,25,28,28],[29,0,29,2],[29,3,29,10],[29,11,29,15],[29,16,29,19],[29,20,29,24],[29,25,29,28],[30,0,30,2],[30,3,30,10],[30,11,30,15],[30,16,30,19],[30,20,30,24],[30,25,30,28],[31,0,31,2],[31,3,31,10],[31,11,31,15],[31,16,31,19],[31,20,31,24],[31,25,31,28],[32,0,32,2],[32,3,32,10],[32,11,32,15],[32,16,32,19],[32,20,32,24],[32,25,32,28],[33,0,33,10],[33,11,33,15],[33,16,33,19],[33,20,33,24],[33,25,33,28],[34,0,34,28],[35,0,35,28],[36,0,36,28],[37,15,37,28],[38,15,38,18],[38,19,38,24],[38,25,38,28],[39,0,39,1],[39,2,39,9],[39,10,39,14],[39,15,39,18],[39,19,39,24],[39,25,39,28],[40,0,40,1],[40,2,40,9],[40,10,40,14],[40,15,40,18],[40,19,40,24],[40,25,40,28],[41,0,41,1],[41,2,41,9],[41,10,41,14],[41,15,41,18],[41,19,41,24],[41,25,41,28],[42,0,42,1],[42,2,42,9],[42,10,42,14],[42,15,42,18],[42,19,42,24],[42,25,42,28],[43,0,43,1],[43,2,43,9],[43,10,43,14],[43,15,43,18],[43,19,43,24],[43,25,43,28],[44,0,44,1],[44,2,44,9],[44,10,44,14],[44,15,44,18],[44,19,44,24],[44,25,44,28],[45,0,45,1],[45,2,45,9],[45,10,45,14],[45,15,45,18],[45,19,45,24],[45,25,45,28],[46,0,46,1],[46,2,46,9],[46,10,46,14],[46,15,46,18],[46,19,46,24],[46,25,46,28],[47,0,47,1],[47,2,47,9],[47,10,47,14],[47,15,47,18],[47,19,47,24],[47,25,47,28],[48,0,48,1],[48,2,48,9],[48,10,48,14],[48,15,48,18],[48,19,48,24],[48,25,48,28],[49,0,49,1],[49,2,49,9],[49,10,49,14],[49,15,49,18],[49,19,49,24],[49,25,49,28],[50,0,50,1],[50,2,50,9],[50,10,50,14],[50,15,50,18],[50,19,50,24],[50,25,50,28],[51,0,51,1],[51,2,51,9],[51,10,51,14],[51,15,51,18],[51,19,51,24],[51,25,51,28],[52,0,52,1],[52,2,52,9],[52,10,52,14],[52,15,52,18],[52,19,52,24],[52,25,52,28],[53,0,53,1],[53,2,53,9],[53,10,53,14],[53,15,53,18],[53,19,53,24],[53,25,53,28],[54,0,54,1],[54,2,54,9],[54,10,54,14],[54,15,54,18],[54,19,54,24],[54,25,54,28],[55,0,55,1],[55,2,55,9],[55,10,55,14],[55,15,55,18],[55,19,55,24],[55,25,55,28],[56,0,56,1],[56,2,56,9],[56,10,56,14],[56,15,56,18],[56,19,56,24],[56,25,56,28],[57,0,57,1],[57,2,57,9],[57,10,57,14],[57,15,57,18],[57,19,57,24],[57,25,57,28],[58,0,58,1],[58,2,58,9],[58,10,58,14],[58,15,58,18],[58,19,58,24],[58,25,58,28],[59,0,59,1],[59,2,59,9],[59,10,59,14],[59,15,59,18],[59,19,59,24],[59,25,59,28],[60,0,60,1],[60,2,60,9],[60,10,60,14],[60,15,60,18],[60,19,60,24],[60,25,60,28],[61,0,61,1],[61,2,61,9],[61,10,61,14],[61,15,61,18],[61,19,61,24],[61,25,61,28],[62,0,62,1],[62,2,62,9],[62,10,62,14],[62,15,62,18],[62,19,62,24],[62,25,62,28],[63,0,63,1],[63,2,63,9],[63,10,63,14],[63,15,63,18],[63,19,63,24],[63,25,63,28],[64,0,64,1],[64,2,64,9],[64,10,64,14],[64,15,64,18],[64,19,64,24],[64,25,64,28],[65,0,65,1],[65,2,65,9],[65,10,65,14],[65,15,65,18],[65,19,65,24],[65,25,65,28],[66,0,66,1],[66,2,66,9],[66,10,66,14],[66,15,66,18],[66,19,66,24],[66,25,66,28],[67,0,67,1],[67,2,67,9],[67,10,67,14],[67,15,67,18],[67,19,67,24],[67,25,67,28],[68,0,68,1],[68,2,68,9],[68,10,68,14],[68,15,68,18],[68,19,68,24],[68,25,68,28],[69,0,69,9],[69,10,69,14],[69,15,69,18],[69,19,69,24],[69,25,69,28],[70,0,70,28],[71,0,71,28],[72,0,72,28],[73,0,73,28],[74,0,74,2],[74,3,74,14],[74,15,74,22],[74,23,74,28],[75,0,75,2],[75,3,75,14],[75,15,75,22],[75,23,75,28],[76,0,76,2],[76,3,76,14],[76,15,76,22],[76,23,76,28],[77,0,77,2],[77,3,77,14],[77,15,77,22],[77,23,77,28],[78,0,78,2],[78,3,78,14],[78,15,78,22],[78,23,78,28],[79,0,79,2],[79,3,79,14],[79,15,79,22],[79,23,79,28],[80,0,80,2],[80,3,80,14],[80,15,80,22],[80,23,80,28],[81,0,81,2],[81,3,81,14],[81,15,81,22],[81,23,81,28],[82,0,82,2],[82,3,82,14],[82,15,82,22],[82,23,82,28],[83,0,83,2],[83,3,83,14],[83,15,83,22],[83,23,83,28],[84,0,84,2],[84,3,84,14],[84,15,84,22],[84,23,84,28],[85,0,85,2],[85,3,85,14],[85,15,85,22],[85,23,85,28],[86,0,86,2],[86,3,86,14],[86,15,86,22],[86,23,86,28],[87,0,87,2],[87,3,87,14],[87,15,87,22],[87,23,87,28],[88,0,88,2],[88,3,88,14],[88,15,88,22],[88,23,88,28],[89,0,89,2],[89,3,89,14],[89,15,89,22],[89,23,89,28],[90,0,90,2],[90,3,90,14],[90,15,90,22],[90,23,90,28],[91,0,91,2],[91,3,91,14],[91,15,91,22],[91,23,91,28],[92,0,92,2],[92,3,92,14],[92,15,92,22],[92,23,92,28],[93,0,93,2],[93,3,93,14],[93,15,93,22],[93,23,93,28],[94,0,94,2],[94,3,94,14],[94,15,94,22],[94,23,94,28],[95,0,95,2],[95,3,95,14],[95,15,95,22],[95,23,95,28],[96,0,96,2],[96,3,96,14],[96,15,96,22],[96,23,96,28],[97,0,97,2],[97,3,97,14],[97,15,97,22],[97,23,97,28],[98,0,98,2],[98,3,98,14],[98,15,98,22],[98,23,98,28],[99,0,99,2],[99,3,99,14],[99,15,99,22],[99,23,99,28],[100,0,100,2],[100,3,100,14],[100,15,100,22],[100,23,100,28],[101,0,101,2],[101,3,101,14],[101,15,101,22],[101,23,101,28],[102,0,102,2],[102,3,102,14],[102,15,102,22],[102,23,102,28],[103,0,103,2],[103,3,103,14],[103,15,103,22],[103,23,103,28],[104,0,104,2],[104,3,104,14],[104,15,104,22],[104,23,104,28],[105,0,105,2],[105,3,105,14],[105,15,105,22],[105,23,105,28],[106,0,106,2],[106,3,106,14],[106,15,106,22],[106,23,106,28],[107,0,107,14],[107,15,107,22],[107,23,107,28],[108,0,108,28],[109,0,109,28],[110,0,110,28],[111,0,111,28],[112,0,112,28],[113,20,113,28],[114,27,114,28],[115,27,115,28],[116,1,116,4],[116,5,116,7],[116,8,116,15],[116,17,116,19],[116,20,116,22],[116,23,116,26],[116,27,116,28],[117,1,117,4],[117,5,117,7],[117,8,117,15],[117,17,117,19],[117,20,117,22],[117,23,117,26],[117,27,117,28],[118,1,118,4],[118,5,118,7],[118,8,118,15],[118,17,118,19],[118,20,118,22],[118,23,118,26],[118,27,118,28],[119,1,119,4],[119,5,119,7],[119,8,119,15],[119,17,119,19],[119,20,119,22],[119,23,119,26],[119,27,119,28],[120,1,120,4],[120,5,120,7],[120,8,120,15],[120,17,120,19],[120,20,120,22],[120,23,120,26],[120,27,120,28],[121,1,121,4],[121,5,121,7],[121,8,121,15],[121,17,121,19],[121,20,121,22],[121,23,121,26],[121,27,121,28],[122,1,122,4],[122,5,122,7],[122,8,122,15],[122,17,122,19],[122,20,122,22],[122,23,122,26],[122,27,122,28],[123,1,123,4],[123,5,123,7],[123,8,123,15],[123,17,123,19],[123,20,123,22],[123,23,123,26],[123,27,123,28],[124,1,124,4],[124,5,124,7],[124,8,124,15],[124,17,124,19],[124,20,124,22],[124,23,124,26],[124,27,124,28],[125,1,125,4],[125,5,125,7],[125,8,125,15],[125,17,125,19],[125,20,125,22],[125,23,125,26],[125,27,125,28],[126,1,126,4],[126,5,126,7],[126,8,126,15],[126,17,126,19],[126,20,126,22],[126,23,126,26],[126,27,126,28],[127,1,127,4],[127,5,127,7],[127,8,127,15],[127,17,127,19],[127,20,127,22],[127,23,127,26],[127,27,127,28],[128,0,128,22],[128,23,128,26],[128,27,128,28],[129,0,129,28],[130,0,130,28],[131,0,131,28],[132,0,132,28],[133,0,133,28],[134,20,134,28],[135,27,135,28],[136,27,136,28],[137,1,137,4],[137,5,137,7],[137,8,137,15],[137,17,137,19],[137,20,137,22],[137,23,137,26],[137,27,137,28],[138,1,138,4],[138,5,138,7],[138,8,138,15],[138,17,138,19],[138,20,138,22],[138,23,138,26],[138,27,138,28],[139,1,139,4],[139,5,139,7],[139,8,139,15],[139,17,139,19],[139,20,139,22],[139,23,139,26],[139,27,139,28],[140,1,140,4],[140,5,140,7],[140,8,140,15],[140,17,140,19],[140,20,140,22],[140,23,140,26],[140,27,140,28],[141,1,141,4],[141,5,141,7],[141,8,141,15],[141,17,141,19],[141,20,141,22],[141,23,141,26],[141,27,141,28],[142,1,142,4],[142,5,142,7],[142,8,142,15],[142,17,142,19],[142,20,142,22],[142,23,142,26],[142,27,142,28],[143,1,143,4],[143,5,143,7],[143,8,143,15],[143,17,143,19],[143,20,143,22],[143,23,143,26],[143,27,143,28],[144,0,144,22],[144,23,144,26],[144,27,144,28],[145,0,145,28],[146,0,146,28],[147,0,147,28],[148,0,148,28],[149,0,149,28],[150,20,150,28],[151,27,151,28],[152,27,152,28],[153,1,153,4],[153,5,153,7],[153,8,153,15],[153,17,153,19],[153,20,153,22],[153,23,153,26],[153,27,153,28],[154,1,154,4],[154,5,154,7],[154,8,154,15],[154,17,154,19],[154,20,154,22],[154,23,154,26],[154,27,154,28],[155,1,155,4],[155,5,155,7],[155,8,155,15],[155,17,155,19],[155,20,155,22],[155,23,155,26],[155,27,155,28],[156,1,156,4],[156,5,156,7],[156,8,156,15],[156,17,156,19],[156,20,156,22],[156,23,156,26],[156,27,156,28],[157,1,157,4],[157,5,157,7],[157,8,157,15],[157,17,157,19],[157,20,157,22],[157,23,157,26],[157,27,157,28],[158,1,158,4],[158,5,158,7],[158,8,158,15],[158,17,158,19],[158,20,158,22],[158,23,158,26],[158,27,158,28],[159,1,159,4],[159,5,159,7],[159,8,159,15],[159,17,159,19],[159,20,159,22],[159,23,159,26],[159,27,159,28],[160,1,160,4],[160,5,160,7],[160,8,160,15],[160,17,160,19],[160,20,160,22],[160,23,160,26],[160,27,160,28],[161,1,161,4],[161,5,161,7],[161,8,161,15],[161,17,161,19],[161,20,161,22],[161,23,161,26],[161,27,161,28],[162,1,162,4],[162,5,162,7],[162,8,162,15],[162,17,162,19],[162,20,162,22],[162,23,162,26],[162,27,162,28],[163,1,163,4],[163,5,163,7],[163,8,163,15],[163,17,163,19],[163,20,163,22],[163,23,163,26],[163,27,163,28],[164,1,164,4],[164,5,164,7],[164,8,164,15],[164,17,164,19],[164,20,164,22],[164,23,164,26],[164,27,164,28],[165,1,165,4],[165,5,165,7],[165,8,165,15],[165,17,165,19],[165,20,165,22],[165,23,165,26],[165,27,165,28],[166,1,166,4],[166,5,166,7],[166,8,166,15],[166,17,166,19],[166,20,166,22],[166,23,166,26],[166,27,166,28],[167,1,167,4],[167,5,167,7],[167,8,167,15],[167,17,167,19],[167,20,167,22],[167,23,167,26],[167,27,167,28],[168,0,168,22],[168,23,168,26],[168,27,168,28],[169,0,169,28],[170,0,170,28],[171,0,171,28],[172,0,172,28],[173,0,173,8],[173,9,173,19],[173,20,173,28],[174,0,174,22],[174,23,174,26],[174,27,174,28],[175,0,175,28],[176,0,176,28],[177,0,177,28],[178,0,178,28],[179,0,179,28],[180,1,180,3],[180,4,180,7],[180,8,180,12],[180,13,180,14],[180,15,180,16],[180,17,180,21],[180,22,180,24],[180,25,180,28],[181,1,181,3],[181,4,181,7],[181,8,181,12],[181,13,181,14],[181,15,181,16],[181,17,181,21],[181,22,181,24],[181,25,181,28],[182,1,182,3],[182,4,182,7],[182,8,182,12],[182,13,182,14],[182,15,182,16],[182,17,182,21],[182,22,182,24],[182,25,182,28],[183,1,183,3],[183,4,183,7],[183,8,183,12],[183,13,183,14],[183,15,183,16],[183,17,183,21],[183,22,183,24],[183,25,183,28],[184,1,184,3],[184,4,184,7],[184,8,184,12],[184,13,184,14],[184,15,184,16],[184,17,184,21],[184,22,184,24],[184,25,184,28],[185,1,185,3],[185,4,185,7],[185,8,185,12],[185,13,185,14],[185,15,185,16],[185,17,185,21],[185,22,185,24],[185,25,185,28],[186,1,186,3],[186,4,186,7],[186,8,186,12],[186,13,186,14],[186,15,186,16],[186,17,186,21],[186,22,186,24],[186,25,186,28],[187,1,187,3],[187,4,187,7],[187,8,187,12],[187,13,187,14],[187,15,187,16],[187,17,187,21],[187,22,187,24],[187,25,187,28],[188,1,188,3],[188,4,188,7],[188,8,188,12],[188,13,188,14],[188,15,188,16],[188,17,188,21],[188,22,188,24],[188,25,188,28],[189,1,189,3],[189,4,189,7],[189,8,189,12],[189,13,189,14],[189,15,189,16],[189,17,189,21],[189,22,189,24],[189,25,189,28],[190,0,190,3],[190,4,190,28],[191,0,191,28],[192,1,192,3],[192,4,192,7],[192,8,192,12],[192,13,192,14],[192,15,192,17],[192,18,192,21],[192,22,192,25],[192,26,192,28],[193,1,193,3],[193,4,193,7],[193,8,193,12],[193,13,193,14],[193,15,193,17],[193,18,193,21],[193,22,193,25],[193,26,193,28],[194,1,194,3],[194,4,194,7],[194,8,194,12],[194,13,194,14],[194,15,194,17],[194,18,194,21],[194,22,194,25],[194,26,194,28],[195,1,195,3],[195,4,195,7],[195,8,195,12],[195,13,195,14],[195,15,195,17],[195,18,195,21],[195,22,195,25],[195,26,195,28],[196,1,196,3],[196,4,196,7],[196,8,196,12],[196,13,196,14],[196,15,196,17],[196,18,196,21],[196,22,196,25],[196,26,196,28],[197,1,197,3],[197,4,197,7],[197,8,197,12],[197,13,197,14],[197,15,197,17],[197,18,197,21],[197,22,197,25],[197,26,197,28],[198,1,198,3],[198,4,198,7],[198,8,198,12],[198,13,198,14],[198,15,198,17],[198,18,198,21],[198,22,198,25],[198,26,198,28],[199,1,199,3],[199,4,199,7],[199,8,199,12],[199,13,199,14],[199,15,199,17],[199,18,199,21],[199,22,199,25],[199,26,199,28],[200,1,200,3],[200,4,200,7],[200,8,200,12],[200,13,200,14],[200,15,200,17],[200,18,200,21],[200,22,200,25],[200,26,200,28],[201,1,201,3],[201,4,201,7],[201,8,201,12],[201,13,201,14],[201,15,201,17],[201,18,201,21],[201,22,201,25],[201,26,201,28],[202,1,202,3],[202,4,202,7],[202,8,202,12],[202,13,202,14],[202,15,202,17],[202,18,202,21],[202,22,202,25],[202,26,202,28],[203,1,203,3],[203,4,203,7],[203,8,203,12],[203,13,203,14],[203,15,203,17],[203,18,203,21],[203,22,203,25],[203,26,203,28],[204,1,204,3],[204,4,204,7],[204,8,204,12],[204,13,204,14],[204,15,204,17],[204,18,204,21],[204,22,204,25],[204,26,204,28],[205,1,205,3],[205,4,205,7],[205,8,205,12],[205,13,205,14],[205,15,205,17],[205,18,205,21],[205,22,205,25],[205,26,205,28],[206,1,206,3],[206,4,206,7],[206,8,206,12]],"merged_total":3498,"flags":["merged_cut"]}
["建设项目招标控制价汇总表","","",null,"","","","","","","",null,"","","","",null,"","","",null,"","","","",null,"","",""]
["工程名称：高州市中医院南院区500kVA临变迁改工程                                              第 1 页  共 1 页","","",null,"","","","","","","",null,"","","","",null,"","","",null,"","","","",null,"","",""]
["序号","","","单项工程名称","","","","","","","","金额（元）","","","","","其中:  （元）","","","",null,"","","","",null,"","",""]
[null,"","",null,"","","","","","","",null,"","","","","暂估价","","","","绿色施工安全防\n护措施费","","","","","规费","","",""]
[1,1,1,"高州市中医院南院区500kVA临变迁改\n工程","","","","","","","",null,147615.46,147615.46,147615.46,147615.46,null,"","","",8494.74,8494.74,8494.74,8494.74,8494.74,null,"","",""]
[null,"","",null,"","","","","","","",null,"","","","",null,"","","",null,"","","","",null,"","",""]
[null,"","",null,"","","","","","","",null,"","","","",null,"","","",null,"","","","",null,"","",""]
[null,"","",null,"","","","","","","",null,"","","","",null,"","","",null,"","","","",null,"","",""]
[null,"","",null,"","","","","","","",null,"","","","",null,"","","",null,"","","","",null,"","",""]
[null,"","",null,"","","","","","","",null,"","","","",null,"","","",null,"","","","",null,"","",""]
[null,"","",null,"","","","","","","",null,"","","","",null,"","","",null,"","","","",null,"","",""]
[null,"","",null,"","","","","","","",null,"","","","",null,"","","",null,"","","","",null,"","",""]
[null,"","",null,"","","","","","","",null,"","","","",null,"","","",null,"","","","",null,"","",""]
[null,"","",null,"","","","","","","",null,"","","","",null,"","","",null,"","","","",null,"","",""]
[null,"","",null,"","","","","","","",null,"","","","",null,"","","",null,"","","","",null,"","",""]
[null,"","",null,"","","","","","","",null,"","","","",null,"","","",null,"","","","",null,"","",""]
[null,"","",null,"","","","","","","",null,"","","","",null,"","","",null,"","","","",null,"","",""]
[null,"","",null,"","","","","","","",null,"","","","",null,"","","",null,"","","","",null,"","",""]
[null,"","",null,"","","","","","","",null,"","","","",null,"","","",null,"","","","",null,"","",""]
[null,"","",null,"","","","","","","",null,"","","","",null,"","","",null,"","","","",null,"","",""]
[null,"","",null,"","","","","","","",null,"","","","",null,"","","",null,"","","","",null,"","",""]
[null,"","",null,"","","","","","","",null,"","","","",null,"","","",null,"","","","",null,"","",""]
[null,"","",null,"","","","","","","",null,"","","","",null,"","","",null,"","","","",null,"","",""]
[null,"","",null,"","","","","","","",null,"","","","",null,"","","",null,"","","","",null,"","",""]
[null,"","",null,"","","","","","","",null,"","","","",null,"","","",null,"","","","",null,"","",""]
[null,"","",null,"","","","","","","",null,"","","","",null,"","","",null,"","","","",null,"","",""]
[null,"","",null,"","","","","","","",null,"","","","",null,"","","",null,"","","","",null,"","",""]
[null,"","",null,"","","","","","","",null,"","","","",null,"","","",null,"","","","",null,"","",""]
[null,"","",null,"","","","","","","",null,"","","","",null,"","","",null,"","","","",null,"","",""]
[null,"","",null,"","","","","","","",null,"","","","",null,"","","",null,"","","","",null,"","",""]
[null,"","",null,"","","","","","","",null,"","","","",null,"","","",null,"","","","",null,"","",""]
[null,"","",null,"","","","","","","",null,"","","","",null,"","","",null,"","","","",null,"","",""]
[null,"","",null,"","","","","","","",null,"","","","",null,"","","",null,"","","","",null,"","",""]
["合计","","",null,"","","","","","","",null,147615.46,147615.46,147615.46,147615.46,null,"","","",8494.74,8494.74,8494.74,8494.74,8494.74,null,"","",""]
["注：本表适用于工程项目招标控制价或投标报价的汇总。\n\n                                                                                                               表-02","","",null,"","","","","","","",null,"","","","",null,"","","",null,"","","","",null,"","",""]
["单项工程招标控制价汇总表","",null,null,"","","","","","",null,null,"","","",null,null,"","",null,null,"","","","",null,"","",""]
["工程名称：高州市中医院南院区500kVA临变迁改工程                                               第 1 页 共 1 页","",null,null,"","","","","","",null,null,"","","",null,null,"","",null,null,"","","","",null,"","",""]
["序号","","单位工程名称",null,"","","","","","","金额（元）",null,"","","","其中：（元）",null,"","",null,null,"","","","",null,"","",""]
[null,"",null,null,"","","","","","",null,null,"","","","暂估价",null,"","","绿色施工安全防\n护措施费",null,"","","","","规费","","",""]
[1,1,"电气部分",null,"","","","","","",null,null,"","","",null,null,"","",7374.92,null,"","","","",null,"","",""]
[2,2,"市政部分",null,"","","","","","",null,null,"","","",null,null,"","",1119.82,null,"","","","",null,"","",""]
[null,"",null,null,"","","","","","",null,null,"","","",null,null,"","",null,null,"","","","",null,"","",""]
[null,"",null,null,"","","","","","",null,null,"","","",null,null,"","",null,null,"","","","",null,"","",""]
[null,"",null,null,"","","","","","",null,null,"","","",null,null,"","",null,null,"","","","",null,"","",""]
[null,"",null,null,"","","","","","",null,null,"","","",null,null,"","",null,null,"","","","",null,"","",""]
[null,"",null,null,"","","","","","",null,null,"","","",null,null,"","",null,null,"","","","",null,"","",""]
[null,"",null,null,"","","","","","",null,null,"","","",null,null,"","",null,null,"","","","",null,"","",""]
[null,"",null,null,"","","","","","",null,null,"","","",null,null,"","",null,null,"","","","",null,"","",""]
[null,"",null,null,"","","","","","",null,null,"","","",null,null,"","",null,null,"","","","",null,"","",""]
[null,"",null,null,"","","","","","",null,null,"","","",null,null,"","",null,null,"","","","",null,"","",""]
[null,"",null,null,"","","","","","",null,null,"","","",null,null,"","",null,null,"","","","",null,"","",""]
[null,"",null,null,"","","","","","",null,null,"","","",null,null,"","",null,null,"","","","",null,"","",""]
[null,"",null,null,"","","","","","",null,null,"","","",null,null,"","",null,null,"","","","",null,"","",""]
[null,"",null,null,"","","","","","",null,null,"","","",null,null,"","",null,null,"","","","",null,"","",""]
[null,"",null,null,"","","","","","",null,null,"","","",null,null,"","",null,null,"","","","",null,"","",""]
[null,"",null,null,"","","","","","",null,null,"","","",null,null,"","",null,null,"","","","",null,"","",""]
[null,"",null,null,"","","","","","",null,null,"","","",null,null,"","",null,null,"","","","",null,"","",""]
[null,"",null,null,"","","","","","",null,null,"","","",null,null,"","",null,null,"","","","",null,"","",""]
[null,"",null,null,"","","","","","",null,null,"","","",null,null,"","",null,null,"","","","",null,"","",""]
[null,"",null,null,"","","","","","",null,null,"","","",null,null,"","",null,null,"","","","",null,"","",""]
[null,"",null,null,"","","","","","",null,null,"","","",null,null,"","",null,null,"","","","",null,"","",""]
[null,"",null,null,"","","","","","",null,null,"","","",null,null,"","",null,null,"","","","",null,"","",""]
[null,"",null,null,"","","","","","",null,null,"","","",null,null,"","",null,null,"","","","",null,"","",""]
[null,"",null,null,"","","","","","",null,null,"","","",null,null,"","",null,null,"","","","",null,"","",""]
[null,"",null,null,"","","","","","",null,null,"","","",null,null,"","",null,null,"","","","",null,"","",""]
[null,"",null,null,"","","","","","",null,null,"","","",null,null,"","",null,null,"","","","",null,"","",""]
[null,"",null,null,"","","","","","",null,null,"","","",null,null,"","",null,null,"","","","",null,"","",""]
[null,"",null,null,"","","","","","",null,null,"","","",null,null,"","",null,null,"","","","",null,"","",""]
[null,"",null,null,"","","","","","",null,null,"","","",null,null,"","",null,null,"","","","",null,"","",""]
["合计","",null,null,"","","","","","",null,null,"","","",null,null,"","",8494.74,null,"","","","",null,"","",""]
["注：本表适用于单项工程招标控制价或投标报价的汇总。暂估价包括分部分项工程中的暂估价和专业工程工程暂估价。","",null,null,"","","","","","",null,null,"","","",null,null,"","",null,null,"","","","",null,"","",""]
["表— 03","",null,null,"","","","","","",null,null,"","","",null,null,"","",null,null,"","","","",null,"","",""]
["单位工程招标控制价汇总表","",null,null,"","","","","","",null,null,"","","",null,null,"","",null,null,"","",null,"",null,"","",""]
["工程名称：电气部分                                               标段：                         第 1 页  共 1 页","",null,null,"","","","","","",null,null,"","","",null,null,"","",null,null,"","",null,"",null,"","",""]
["序号","",null,"汇总内容","","","","","","",null,null,"","","","金额:(元)",null,"","",null,null,"","","其中：暂估价(元)","",null,"","",""]
[1,1,null,"分部分项合计","","","","","","",null,null,"","","",null,null,"","",null,null,"","",null,"",null,"","",""]
[2,2,null,"措施合计","","","","","","",null,null,"","","",null,null,"","",null,null,"","",null,"",null,"","",""]
[2.1,2.1,null,"绿色施工安全防护措施费","","","","","","",null,null,"","","",7374.92,null,"","",null,null,"","",null,"",null,"","",""]
[2.2,2.2,null,"其他措施费","","","","","","",null,null,"","","",null,null,"","",null,null,"","",null,"",null,"","",""]
[3,3,null,"其他项目","","","","","","",null,null,"","","",null,null,"","",null,null,"","","-","",null,"","",""]
[3.1,3.1,null,"暂列金额","","","","","","",null,null,"","","",null,null,"","",null,null,"","",null,"",null,"","",""]
[3.2,3.2,null,"暂估价","","","","","","",null,null,"","","",null,null,"","",null,null,"","",null,"",null,"","",""]
[3.3,3.3,null,"计日工","","","","","","",null,null,"","","",null,null,"","",null,null,"","",null,"",null,"","",""]
[3.4,3.4,null,"总承包服务费","","","","","","",null,null,"","","",null,null,"","",null,null,"","",null,"",null,"","",""]
[3.5,3.5,null,"预算包干费","","","","","","",null,null,"","","",null,null,"","",null,null,"","",null,"",null,"","",""]
[3.6,3.6,null,"工程优质费","","","","","","",null,null,"","","",null,null,"","",null,null,"","",null,"",null,"","",""]
[3.7,3.7,null,"概算幅度差","","","","","","",null,null,"","","",null,null,"","",null,null,"","",null,"",null,"","",""]
[3.8,3.8,null,"索赔费用","","","","","","",null,null,"","","",null,null,"","",null,null,"","",null,"",null,"","",""]
[3.9,3.9,null,"现场签证费用","","","","","","",null,null,"","","",null,null,"","",null,null,"","",null,"",null,"","",""]
[{"v":3.1,"d":"3.10"},{"v":3.1,"d":"3.10"},null,"其他费用","","","","","","",null,null,"","","",null,null,"","",null,null,"","",null,"",null,"","",""]
[4,4,null,"税前工程造价","","","","","","",null,null,"","","",null,null,"","",null,null,"","",null,"",null,"","",""]
[5,5,null,"增值税销项税额","","","","","","",null,null,"","","",null,null,"","",null,null,"","","-","",null,"","",""]
[6,6,null,"总造价","","","","","","",null,null,"","","",null,null,"","",null,null,"","",null,"",null,"","",""]
[7,7,null,"人工费","","","","","","",null,null,"","","",null,null,"","",null,null,"","",null,"",null,"","",""]
[null,"",null,null,"","","","","","",null,null,"","","",null,null,"","",null,null,"","",null,"",null,"","",""]
[null,"",null,null,"","","","","","",null,null,"","","",null,null,"","",null,null,"","",null,"",null,"","",""]
[null,"",null,null,"","","","","","",null,null,"","","",null,null,"","",null,null,"","",null,"",null,"","",""]
[null,"",null,null,"","","","","","",null,null,"","","",null,null,"","",null,null,"","",null,"",null,"","",""]
[null,"",null,null,"","","","","","",null,null,"","","",null,null,"","",null,null,"","",null,"",null,"","",""]
[null,"",null,null,"","","","","","",null,null,"","","",null,null,"","",null,null,"","",null,"",null,"","",""]
[null,"",null,null,"","","","","","",null,null,"","","",null,null,"","",null,null,"","",null,"",null,"","",""]
[null,"",null,null,"","","","","","",null,null,"","","",null,null,"","",null,null,"","",null,"",null,"","",""]
[null,"",null,null,"","","","","","",null,null,"","","",null,null,"","",null,null,"","",null,"",null,"","",""]
[null,"",null,null,"","","","","","",null,null,"","","",null,null,"","",null,null,"","",null,"",null,"","",""]
[null,"",null,null,"","","","","","",null,null,"","","",null,null,"","",null,null,"","",null,"",null,"","",""]
[null,"",null,null,"","","","","","",null,null,"","","",null,null,"","",null,null,"","",null,"",null,"","",""]
[null,"",null,null,"","","","","","",null,null,"","","",null,null,"","",null,null,"","",null,"",null,"","",""]
["招标控制价合计=1+2+3+5","",null,null,"","","","","","",null,null,"","","",7374.92,null,"","",null,null,"","",{"v":0,"d":"0.00"},{"v":0,"d":"0.00"},null,"","",""]
[null,"",null,null,"","","","","","",null,null,"","","",null,null,"","",null,null,"","",null,"",null,"","",""]
["注：本表适用于单位工程招标控制价或投标报价的汇总，如无单位工程划分，单项工程也使用本表汇总","",null,null,"","","","","","",null,null,"","","",null,null,"","",null,null,"","",null,"",null,"","",""]
["表— 04","",null,null,"","","","","","",null,null,"","","",null,null,"","",null,null,"","",null,"",null,"","",""]
["分部分项工程和单价措施项目清单与计价表",{"$nulls":3},"",null,"","",null,"",null,null,"","","",{"$nulls":3},"",null,null,"","",null,"",null,"",null,""]
["工程名称：电气部分                                               标段：                         第 1 页  共 4 页",{"$nulls":3},"",null,"","",null,"",null,null,"","","",{"$nulls":3},"",null,null,"","",null,"",null,"",null,""]
["序号","项目编码",null,null,"","项目名称","","","项目特征描述","",null,null,"","","",null,"计量\n单位","工程量","",null,"金额（元）","","",null,"",null,"",null,""]
[{"$nulls":4},"",null,"","",null,"",null,null,"","","",{"$nulls":3},"",null,"综合单价","","","综合合价","",null,"","其中",""]
[{"$nulls":4},"",null,"","",null,"",null,null,"","","",{"$nulls":3},"",null,null,"","",null,"",null,"","暂估价",""]
[{"$nulls":4},"","整个项目","","",null,"",null,null,"","","",{"$nulls":3},"",null,null,"","",null,"",null,"",null,""]
[1,"030410004001",null,null,"","杆上设备 台\n架","","","1.名称:500kVA变压器台架拆\n除、迁移、利旧安装\n2.新建支撑架种类、规格:镀\n锌角铁横担∠63× 6× 3000，\n变压器台架槽钢[140*58*6 L=\n4250等","",null,null,"","","",null,"台",1,1,null,null,5422.44,5422.44,null,5422.44,null,"",null,""]
[2,"030410004002",null,null,"","杆上设备 台\n架","","","1.名称:10kV瓷套跌落式熔断\n器\n2.型号:RW11-10F(W)/200\n3.类别:新建","",null,null,"","","",null,"台",3,3,null,null,{"v":622.5,"d":"622.50"},{"v":622.5,"d":"622.50"},null,{"v":1867.5,"d":"1867.50"},null,"",null,""]
[3,"030410004003",null,null,"","杆上设备","","","1.名称:户外隔离开关\n2.规格:GW9-10/400A\n3.类别:新建","",null,null,"","","",null,"台",6,6,null,null,1108.74,1108.74,null,6652.44,null,"",null,""]
[4,"030410004004",null,null,"","杆上设备 台\n架","","","1.名称:10KV线路型避雷器\n2.型号:HY5WS-17/50\n3.类别:新建","",null,null,"","","",null,"组",1,1,null,null,{"v":700,"d":"700.00"},{"v":700,"d":"700.00"},null,{"v":700,"d":"700.00"},null,"",null,""]
[5,"030410004005",null,null,"","杆上设备 台\n架","","","1.名称:复合外套低压避雷器\n2.型号:HY1.5WZ-0.2o/1.3\n3.类别:新建","",null,null,"","","",null,"组",1,1,null,null,1047.76,1047.76,null,1047.76,null,"",null,""]
[6,"030410004006",null,null,"","杆上设备 电\n箱","","","1.名称:户外配电箱\n2.类别:利旧","",null,null,"","","",null,"台",1,1,null,null,{"v":712.1,"d":"712.10"},{"v":712.1,"d":"712.10"},null,{"v":712.1,"d":"712.10"},null,"",null,""]
[7,"030410004007",null,null,"","杆上设备 电\n箱","","","1.名称:低压配电箱 400*600*\n250mm\n2.规格:400A/4P漏电开关一个\n3.类别:新建","",null,null,"","","",null,"台",2,2,null,null,{"v":1679.1,"d":"1679.10"},{"v":1679.1,"d":"1679.10"},null,{"v":3358.2,"d":"3358.20"},null,"",null,""]
[8,"030408003001",null,null,"","电缆保护管","","","1.名称:波纹电缆保护管\n2.规格:PC40","",null,null,"","","",null,"m",24,24,null,null,71.03,71.03,null,1704.72,null,"",null,""]
[9,"030410003001",null,null,"","导线架设","","","1.名称:钢芯铝绞线交联聚乙\n烯绝缘电缆\n2.型号:JKLYJ-8.7/10-70mm2","",null,null,"","","",null,"m",30,30,null,null,24.07,24.07,null,{"v":722.1,"d":"722.10"},null,"",null,""]
[10,"030410003002",null,null,"","导线架设","","","1.名称:钢芯铝绞线交联聚乙\n烯绝缘电缆\n2.型号:JKLYJ-8.7/10-50mm2","",null,null,"","","",null,"m",30,30,null,null,20.03,20.03,null,{"v":600.9,"d":"600.90"},null,"",null,""]
[11,"030410001001",null,null,"","电杆组立","","","1.名称:锥形电杆\n2.材质:钢筋混凝土\n3.规格:D190mm× 12m× K× Y\n4.地形:平地\n5.底盘、卡盘规格:详见图纸","",null,null,"","","",null,"根",6,6,null,null,{"v":2483.5,"d":"2483.50"},{"v":2483.5,"d":"2483.50"},null,{"v":14901,"d":"14901.00"},null,"",null,""]
["本页小计",{"$nulls":3},"",null,"","",null,"",null,null,"","","",{"$nulls":3},"",null,null,"","",null,37689.16,null,"",null,""]
[{"$nulls":4},"",null,"","",null,"",null,null,"","","",{"$nulls":3},"",null,null,"","",null,"",null,"",null,""]
["注：为计取规费等的使用，可在表中增设其中：  “ 定额人工费 ”。",{"$nulls":3},"",null,"","",null,"",null,null,"","","",{"$nulls":3},"",null,null,"","",null,"",null,"",null,""]
["表— 08",{"$nulls":3},"",null,"","",null,"",null,null,"","","",{"$nulls":3},"",null,null,"","",null,"",null,"",null,""]
["分部分项工程和单价措施项目清单与计价表",{"$nulls":3},"",null,"","",null,"",null,null,"","","",{"$nulls":3},"",null,null,"","",null,"",null,"",null,""]
["工程名称：电气部分                                               标段：                         第 2 页  共 4 页",{"$nulls":3},"",null,"","",null,"",null,null,"","","",{"$nulls":3},"",null,null,"","",null,"",null,"",null,""]
["序号","项目编码",null,null,"","项目名称","","","项目特征描述","",null,null,"","","",null,"计量\n单位","工程量","",null,"金额（元）","","",null,"",null,"",null,""]
[{"$nulls":4},"",null,"","",null,"",null,null,"","","",{"$nulls":3},"",null,"综合单价","","","综合合价","",null,"","其中",""]
[{"$nulls":4},"",null,"","",null,"",null,null,"","","",{"$nulls":3},"",null,null,"","",null,"",null,"","暂估价",""]
[12,"030410001002",null,null,"","电杆组立","","","1.名称:锥形电杆\n2.材质:钢筋混凝土\n3.规格:D190mm× 10m× K× Y\n4.地形:平地\n5.底盘、卡盘规格:详见图纸","",null,null,"","","",null,"根",2,2,null,null,2066.33,2066.33,null,4132.66,null,"",null,""]
[13,"030410001003",null,null,"","电杆组立","","","1.名称:锥形电杆\n2.材质:钢筋混凝土\n3.规格:D190mm× 8m× K× Y\n4.地形:平地\n5.底盘、卡盘规格:详见图纸","",null,null,"","","",null,"根",4,4,null,null,1808.39,1808.39,null,7233.56,null,"",null,""]
[14,"030410001004",null,null,"","电杆组立 拉\n线安装","","","1.名称:电杆拉线制作安装\n2.部位:转角线杆\n3.底盘、拉盘、卡盘规格:钢\n筋混凝土拉盘 600*1200*200\nmm\n4.拉线材质、规格、类型:GJ-\n70","",null,null,"","","",null,"组",4,4,null,null,510.58,510.58,null,2042.32,null,"",null,""]
[15,"030410002001",null,null,"","横担组装","","","1.名称:高压直线杆横担金具\n2.材质:镀锌角钢\n3.规格:HD63/06-230\n4.类型:10kV以下横担安装\n5.瓷瓶型号、规格:瓷横担绝\n缘子 SQ-210,柱式绝缘子PS-1\n5T\n6.金具品种规格:抱箍、螺栓\n等","",null,null,"","","",null,"组",6,6,null,null,647.96,647.96,null,3887.76,null,"",null,""]
[16,"030410002002",null,null,"","横担组装","","","1.名称:低压直线杆横担金具\n2.材质:四位镀锌角钢街码\n3.规格:JM4-150\n4.金具品种规格:抱箍、螺栓\n等","",null,null,"","","",null,"组",5,5,null,null,280.76,280.76,null,{"v":1403.8,"d":"1403.80"},null,"",null,""]
[17,"030410002003",null,null,"","横担组装","","","1.名称:转角线杆横担金具\n2.材质:镀锌角钢\n3.规格:HD75/15-230\n4.类型:10kV以下横担安装\n5.绝缘子型号、规格:绝缘子\nPS-15T，绝缘子串，\n6.金具品种规格:横担斜撑、\n抱箍、螺栓、线夹等","",null,null,"","","",null,"组",1,1,null,null,1609.42,1609.42,null,1609.42,null,"",null,""]
[18,"030410003003",null,null,"","导线架设 高\n压","","","1.名称:10KV钢芯铝绞线\n2.规格:JL-G1A-70","",null,null,"","","",null,"km",0.585,0.585,null,null,18093.21,18093.21,null,10584.53,null,"",null,""]
["本页小计",{"$nulls":3},"",null,"","",null,"",null,null,"","","",{"$nulls":3},"",null,null,"","",null,30894.05,null,"",null,""]
[{"$nulls":4},"",null,"","",null,"",null,null,"","","",{"$nulls":3},"",null,null,"","",null,"",null,"",null,""]
["注：为计取规费等的使用，可在表中增设其中：  “ 定额人工费 ”。",{"$nulls":3},"",null,"","",null,"",null,null,"","","",{"$nulls":3},"",null,null,"","",null,"",null,"",null,""]
["表— 08",{"$nulls":3},"",null,"","",null,"",null,null,"","","",{"$nulls":3},"",null,null,"","",null,"",null,"",null,""]
["分部分项工程和单价措施项目清单与计价表",{"$nulls":3},"",null,"","",null,"",null,null,"","","",{"$nulls":3},"",null,null,"","",null,"",null,"",null,""]
["工程名称：电气部分                                               标段：                         第 3 页  共 4 页",{"$nulls":3},"",null,"","",null,"",null,null,"","","",{"$nulls":3},"",null,null,"","",null,"",null,"",null,""]
["序号","项目编码",null,null,"","项目名称","","","项目特征描述","",null,null,"","","",null,"计量\n单位","工程量","",null,"金额（元）","","",null,"",null,"",null,""]
[{"$nulls":4},"",null,"","",null,"",null,null,"","","",{"$nulls":3},"",null,"综合单价","","","综合合价","",null,"","其中",""]
[{"$nulls":4},"",null,"","",null,"",null,null,"","","",{"$nulls":3},"",null,null,"","",null,"",null,"","暂估价",""]
[19,"030410003004",null,null,"","导线架设","","","1.名称:低压铝芯双层绝缘电\n线\n2.规格:BLVV-1*240","",null,null,"","","",null,"km",0.88,0.88,null,null,24419.79,24419.79,null,21489.42,null,"",null,""]
[20,"030410003005",null,null,"","导线架设","","","1.名称:低压铝芯双层绝缘电\n线\n2.规格:BLVV-1*120","",null,null,"","","",null,"km",0.28,0.28,null,null,16350.77,16350.77,null,4578.22,null,"",null,""]
[21,"050307009001",null,null,"","标志牌","","","1.名称:开关、变压器标示牌\n2.材料种类、规格:320*200 1\nmm铝板 带反光","",null,null,"","","",null,"个",3,3,null,null,41.63,41.63,null,124.89,null,"",null,""]
[22,"050307009002",null,null,"","标志牌","","","1.名称:禁止标示牌\n2.材料种类、规格:400*320 1\nmm铝板 带反光","",null,null,"","","",null,"个",4,4,null,null,{"v":68.9,"d":"68.90"},{"v":68.9,"d":"68.90"},null,{"v":275.6,"d":"275.60"},null,"",null,""]
[23,"050307009003",null,null,"","标志牌","","","1.名称:架空线路标示牌\n2.材料种类、规格:320*260 1\nmm铝板 带反光","",null,null,"","","",null,"个",1,1,null,null,{"v":48.7,"d":"48.70"},{"v":48.7,"d":"48.70"},null,{"v":48.7,"d":"48.70"},null,"",null,""]
[24,"050307009004",null,null,"","标志牌","","","1.名称:相线标示牌\n2.材料种类、规格: 1mm铝板\n带反光","",null,null,"","","",null,"个",8,8,null,null,25.77,25.77,null,206.16,null,"",null,""]
[25,"010606012001",null,null,"","钢支架","","","1.钢材品种、规格:安健环固\n定支架 L50*5镀锌角钢","",null,null,"","","",null,"kg",31.4644,31.4644,null,null,17.37,17.37,null,546.54,null,"",null,""]
[26,"030409001001",null,null,"","接地极","","","1.名称:地极桩\n2.材质:镀锌角钢\n3.规格:L50× 5 L=2500\n4.土质:普通土","",null,null,"","","",null,"根",7,7,null,null,{"v":62.2,"d":"62.20"},{"v":62.2,"d":"62.20"},null,{"v":435.4,"d":"435.40"},null,"",null,""]
[27,"030409002001",null,null,"","接地母线","","","1.名称:热镀锌圆钢\n2.规格:Φ16","",null,null,"","","",null,"m",30,30,null,null,66.34,66.34,null,{"v":1990.2,"d":"1990.20"},null,"",null,""]
[28,"030414011001",null,null,"","接地装置","","","1.名称:接地装置调试 接地网","",null,null,"","","",null,"系统",1,1,null,null,1932.13,1932.13,null,1932.13,null,"",null,""]
[29,"030414002001",null,null,"","送配电装置系\n统","","","1.名称:送配电装置系统调试\n(综合) 1kV以下交流供电\n2.类型:旧设备迁改","",null,null,"","","",null,"系统",1,1,null,null,1006.24,1006.24,null,1006.24,null,"",null,""]
[30,"030414001001",null,null,"","电力变压器系\n统","","","1.名称:电力变压器系统调试\n10kV以下变压器容量(kV· A以\n下)\n2.类型:旧设备迁改","",null,null,"","","",null,"系统",1,1,null,null,3861.71,3861.71,null,3861.71,null,"",null,""]
[{"$nulls":4},"","措施项目","","",null,"",null,null,"","","",{"$nulls":3},"",null,null,"","",null,240.57,null,"",null,""]
[31,"031302007001",null,null,"","高层施工增加","","",null,"",null,null,"","","",null,"项",1,1,null,null,"","",null,"",null,"",null,""]
[32,"031301017001",null,null,"","脚手架搭拆费","","",null,"",null,null,"","","",null,"项",1,1,null,null,240.57,240.57,null,240.57,null,"",null,""]
["本页小计",{"$nulls":3},"",null,"","",null,"",null,null,"","","",{"$nulls":3},"",null,null,"","",null,36735.78,null,"",null,""]
[{"$nulls":4},"",null,"","",null,"",null,null,"","","",{"$nulls":3},"",null,null,"","",null,"",null,"",null,""]
["注：为计取规费等的使用，可在表中增设其中：  “ 定额人工费 ”。",{"$nulls":3},"",null,"","",null,"",null,null,"","","",{"$nulls":3},"",null,null,"","",null,"",null,"",null,""]
["表— 08",{"$nulls":3},"",null,"","",null,"",null,null,"","","",{"$nulls":3},"",null,null,"","",null,"",null,"",null,""]
["分部分项工程和单价措施项目清单与计价表",{"$nulls":3},"",null,"","",{"$nulls":4},"","","",{"$nulls":3},"",null,null,"","",null,"",null,"",null,""]
["工程名称：电气部分",{"$nulls":3},"",null,"","",null,"标段：",null,null,"","","",{"$nulls":3},"",null,"第 4 页  共 4 页","","",null,"",null,"",null,""]
["合   计",{"$nulls":3},"",null,"","",{"$nulls":4},"","","",{"$nulls":3},"",null,null,"","",null,"",null,"",null,""]
[{"$nulls":4},"",null,"","",{"$nulls":4},"","","",{"$nulls":3},"",null,null,"","",null,"",null,"",null,""]
["注：为计取规费等的使用，可在表中增设其中：  “ 定额人工费 ”。",{"$nulls":3},"",null,"","",{"$nulls":4},"","","",{"$nulls":3},"",null,null,"","",null,"",null,"",null,""]
["表— 08",{"$nulls":3},"",null,"","",{"$nulls":4},"","","",{"$nulls":3},"",null,null,"","",null,"",null,"",null,""]
["总价措施项目清单与计价表",{"$nulls":5},"","",{"$nulls":4},"",null,"",{"$nulls":3},"",null,null,"",null,null,"",null,"",null,""]
["工程名称：电气部分                                               标段：                         第 1 页  共 2 页",{"$nulls":5},"","",{"$nulls":4},"",null,"",{"$nulls":3},"",null,null,"",null,null,"",null,"",null,""]
["序号","项目编码",null,null,"项目名称",null,"","","计算基础",{"$nulls":3},"","费率\n(%)",""," 金额\n(元)",null,"调整\n费率(%)","",null,null,"","调整后\n金额(元)",null,"","备注","",null,""]
[1,"LSSGCSF00001",null,null,"绿色施工安全防护\n措施费",null,"","","分部分项人工\n费+分部分项机\n具费",{"$nulls":3},"",35.77,35.77,"7374.92",null,null,"",null,null,"",null,null,"","以分部分项\n的人工费与\n施工机具费\n之和为计算\n基础，费率\n35.77%","",null,""]
[2,"031301010001",null,null,"安装与生产同时进\n行增加费用",null,"","","分部分项人工\n费",{"$nulls":3},"",0,0,{"$nulls":3},"",null,null,"",null,null,"","按人工费的\n10%计算","",null,""]
[3,"031301011001",null,null,"在有害身体健康环\n境中施工增加费",null,"","","分部分项人工\n费",{"$nulls":3},"",0,0,{"$nulls":3},"",null,null,"",null,null,"","按人工费的\n10%计算","",null,""]
[4,"TSSGBWZJF001",null,null,"在地下（暗）室、\n设备及大口径管道\n内等特殊施工部位\n进行施工增加费",null,"","",{"$nulls":4},"",30,30,{"$nulls":3},"",null,null,"",null,null,"","按该部分人\n工费的30%\n计算","",null,""]
[5,"粤0313020080\n01",null,null,"赶工措施费",null,"","","分部分项人工\n费+分部分项机\n具费",{"$nulls":3},"",0,0,{"$nulls":3},"",null,null,"",null,null,""," 赶工措施费\n=（1- δ) *\n分部分项(\n人工费+施\n工机具费）\n*0.344  （0\n.8≤δ＜1\n   式中：  δ\n=合同工期/\n定额工期）","",null,""]
[6,"031302002001",null,null,"夜间施工增加费",null,"","",{"$nulls":4},"",20,20,{"$nulls":3},"",null,null,"",null,null,""," 按其夜间施\n工项目人工\n费的20%计\n    算","",null,""]
[7,"JTGRSGZJF001",null,null,"交通干扰工程施工\n增加费",null,"","",{"$nulls":4},"",10,10,{"$nulls":3},"",null,null,"",null,null,""," 按在市政道\n路上施工项\n目人工费的\n  10%计算","",null,""]
[8,"粤0313020090\n01",null,null,"文明工地增加费",null,"","","分部分项人工\n费+分部分项机\n具费",{"$nulls":3},"",0,0,{"$nulls":3},"",null,null,"",null,null,""," 以分部分项\n的人工费与\n施工机具费\n之和为计算\n基础；市级\n文明工地1.\n00%；省级\n文明工地2.\n    00%","",null,""]
[9,"DXGXJCJXF001",null,null,"地下管线交叉降效\n费",null,"","",{"$nulls":4},"",null,"",{"$nulls":3},"",null,null,"",null,null,"","按实际发生\n或经批准的\n施工方案计","",null,""]
["\n编制人（造价人员）：",{"$nulls":3},"复核人（造价工程师）：\n表-11",null,"","",{"$nulls":4},"",null,"",{"$nulls":3},"",null,null,"",null,null,"",null,"",null,""]
["工程名称：电气部分                                               标段：                         第 2 页  共 2 页",{"$nulls":5},"","",{"$nulls":4},"",null,"",{"$nulls":6},"",null,null,"",{"$nulls":3},""]
["序号","项目编码",null,null,"项目名称",null,"","","计算基础",{"$nulls":3},"","费率\n(%)",""," 金额\n(元)",null,null,"调整\n费率(%)",null,null,"","调整后\n金额(元)",null,"",null,"备注",null,""]
[{"$nulls":6},"","",{"$nulls":4},"",null,"",{"$nulls":6},"",null,null,"",null,"算",null,""]
[10,"QTFY00000001",null,null,"其他费用",null,"","",{"$nulls":4},"",null,"",{"$nulls":6},"",null,null,"",null,"按实际发生\n或经批准的\n施工组织设\n计方案计算",null,""]
[{"$nulls":6},"","",{"$nulls":4},"",null,"",{"$nulls":6},"",null,null,"",{"$nulls":3},""]
[{"$nulls":6},"","",{"$nulls":4},"",null,"",{"$nulls":6},"",null,null,"",{"$nulls":3},""]
[{"$nulls":6},"","",{"$nulls":4},"",null,"",{"$nulls":6},"",null,null,"",{"$nulls":3},""]
[{"$nulls":6},"","",{"$nulls":4},"",null,"",{"$nulls":6},"",null,null,"",{"$nulls":3},""]
[{"$nulls":6},"","",{"$nulls":4},"",null,"",{"$nulls":6},"",null,null,"",{"$nulls":3},""]
[{"$nulls":6},"","",{"$nulls":4},"",null,"",{"$nulls":6},"",null,null,"",{"$nulls":3},""]
[{"$nulls":6},"","",{"$nulls":4},"",null,"",{"$nulls":6},"",null,null,"",{"$nulls":3},""]
[{"$nulls":6},"","",{"$nulls":4},"",null,"",{"$nulls":6},"",null,null,"",{"$nulls":3},""]
[{"$nulls":6},"","",{"$nulls":4},"",null,"",{"$nulls":6},"",null,null,"",{"$nulls":3},""]
[{"$nulls":6},"","",{"$nulls":4},"",null,"",{"$nulls":6},"",null,null,"",{"$nulls":3},""]
[{"$nulls":6},"","",{"$nulls":4},"",null,"",{"$nulls":6},"",null,null,"",{"$nulls":3},""]
[{"$nulls":6},"","",{"$nulls":4},"",null,"",{"$nulls":6},"",null,null,"",{"$nulls":3},""]
[{"$nulls":6},"","",{"$nulls":4},"",null,"",{"$nulls":6},"",null,null,"",{"$nulls":3},""]
[{"$nulls":6},"","",{"$nulls":4},"",null,"",{"$nulls":6},"",null,null,"",{"$nulls":3},""]
[{"$nulls":6},"","",{"$nulls":4},"",null,"",{"$nulls":6},"",null,null,"",{"$nulls":3},""]
[{"$nulls":6},"","",{"$nulls":4},"",null,"",{"$nulls":6},"",null,null,"",{"$nulls":3},""]
[{"$nulls":6},"","",{"$nulls":4},"",null,"",{"$nulls":6},"",null,null,"",{"$nulls":3},""]
[{"$nulls":6},"","",{"$nulls":4},"",null,"",{"$nulls":6},"",null,null,"",{"$nulls":3},""]
[{"$nulls":6},"","",{"$nulls":4},"",null,"",{"$nulls":6},"",null,null,"",{"$nulls":3},""]
[{"$nulls":6},"","",{"$nulls":4},"",null,"",{"$nulls":6},"",null,null,"",{"$nulls":3},""]
[{"$nulls":6},"","",{"$nulls":4},"",null,"",{"$nulls":6},"",null,null,"",{"$nulls":3},""]
[{"$nulls":6},"","",{"$nulls":4},"",null,"",{"$nulls":6},"",null,null,"",{"$nulls":3},""]
[{"$nulls":6},"","",{"$nulls":4},"",null,"",{"$nulls":6},"",null,null,"",{"$nulls":3},""]
[{"$nulls":6},"","",{"$nulls":4},"",null,"",{"$nulls":6},"",null,null,"",{"$nulls":3},""]
[{"$nulls":6},"","",{"$nulls":4},"",null,"",{"$nulls":6},"",null,null,"",{"$nulls":3},""]
[{"$nulls":6},"","",{"$nulls":4},"",null,"",{"$nulls":6},"",null,null,"",{"$nulls":3},""]
[{"$nulls":6},"","",{"$nulls":4},"",null,"",{"$nulls":6},"",null,null,"",{"$nulls":3},""]
["合    计",{"$nulls":5},"","",{"$nulls":4},"",null,"","7374.92",{"$nulls":5},"",null,null,"",{"$nulls":3},""]
[{"$nulls":6},"","",{"$nulls":4},"",null,"",{"$nulls":6},"",null,null,"",{"$nulls":3},""]
["\n编制人（造价人员）：",{"$nulls":5},"","",{"$nulls":4},"",null,"","复核人（造价工程师）：",{"$nulls":5},"",null,null,"",{"$nulls":3},""]
[{"$nulls":6},"","",{"$nulls":4},"",null,"","表-11",{"$nulls":5},"",null,null,"",{"$nulls":3},""]
["其他项目清单与计价汇总表",{"$nulls":5},"","",{"$nulls":4},"",null,"",{"$nulls":6},"",null,null,"",{"$nulls":3},""]
["工程名称：电气部分                                               标段：                         第 1 页  共 1 页",{"$nulls":5},"","",{"$nulls":4},"",null,"",{"$nulls":6},"",null,null,"",{"$nulls":3},""]
["序号",null,"项目名称",{"$nulls":3},"","",{"$nulls":4},"","金额（元）","",null,null,"结算金额（元）",{"$nulls":3},"",null,"备注","",{"$nulls":3},""]
[1,null,"暂列金额",{"$nulls":3},"","",{"$nulls":4},"",null,"",{"$nulls":6},"",null,"明细详见表-12-1","",{"$nulls":3},""]
[2,null,"暂估价",{"$nulls":3},"","",{"$nulls":4},"",null,"",{"$nulls":6},"",null,null,"",{"$nulls":3},""]
[2.1,null,"材料暂估价",{"$nulls":3},"","",{"$nulls":4},"","","",{"$nulls":6},"",null,"明细详见表-12-2","",{"$nulls":3},""]
[2.2,null,"专业工程暂估价",{"$nulls":3},"","",{"$nulls":4},"",null,"",{"$nulls":6},"",null,"明细详见表-12-3","",{"$nulls":3},""]
[3,null,"计日工",{"$nulls":3},"","",{"$nulls":4},"",null,"",{"$nulls":6},"",null,"明细详见表-12-4","",{"$nulls":3},""]
[4,null,"总承包服务费",{"$nulls":3},"","",{"$nulls":4},"",null,"",{"$nulls":6},"",null,"明细详见表-12-5","",{"$nulls":3},""]
[5,null,"预算包干费",{"$nulls":3},"","",{"$nulls":4},"",null,2061.76,{"$nulls":6},"",null,null,"",{"$nulls":3},""]
[6,null,"工程优质费",{"$nulls":3},"","",{"$nulls":4},"",null,"",{"$nulls":6},"",null,null,"",{"$nulls":3},""]
[7,null,"概算幅度差",{"$nulls":3},"","",{"$nulls":4},"",null,"",{"$nulls":6},"",null,null,"",{"$nulls":3},""]
[8,null,"现场签证费用",{"$nulls":3},"","",{"$nulls":4},"",null,"",{"$nulls":6},"",null,null,"",{"$nulls":3},""]
[9,null,"索赔费用",{"$nulls":3},"","",{"$nulls":4},"",null,"",{"$nulls":6},"",null,null,"",{"$nulls":3},""]
[10,null,"其他费用",{"$nulls":3},"","",{"$nulls":4},"",null,"",{"$nulls":6},"",null,null,"",{"$nulls":3},""]
[{"$nulls":6},"","",{"$nulls":4},"",null,"",{"$nulls":6},"",null,null,"",{"$nulls":3},""]
[{"$nulls":6},"","",{"$nulls":4},"",null,"",{"$nulls":6},"",null,null,"",{"$nulls":3},""]
[{"$nulls":6},"","",{"$nulls":4},"",null,"",{"$nulls":6},"",null,null,"",{"$nulls":3},""]
[{"$nulls":6},"","",{"$nulls":4},"",null,"",{"$nulls":6},"",null,null,"",{"$nulls":3},""]
[{"$nulls":6},"","",{"$nulls":4},"",null,"",{"$nulls":6},"",null,null,"",{"$nulls":3},""]
[{"$nulls":6},"","",{"$nulls":4},"",null,"",{"$nulls":6},"",null,null,"",{"$nulls":3},""]
[{"$nulls":6},"","",{"$nulls":4},"",null,"",{"$nulls":6},"",null,null,"",{"$nulls":3},""]
[{"$nulls":6},"","",{"$nulls":4},"",null,"",{"$nulls":6},"",null,null,"",{"$nulls":3},""]
[{"$nulls":6},"","",{"$nulls":4},"",null,"",{"$nulls":6},"",null,null,"",{"$nulls":3},""]
[{"$nulls":6},"","",{"$nulls":4},"",null,"",{"$nulls":6},"",null,null,"",{"$nulls":3},""]
[{"$nulls":6},"","",{"$nulls":4},"",null,"",{"$nulls":6},"",null,null,"",{"$nulls":3},""]
[{"$nulls":6},"","",{"$nulls":4},"",null,"",{"$nulls":6},"",null,null,"",{"$nulls":3},""]
[{"$nulls":6},"","",{"$nulls":4},"",null,"",{"$nulls":6},"",null,null,"",{"$nulls":3},""]
[{"$nulls":6},"","",{"$nulls":4},"",null,"",{"$nulls":6},"",null,null,"",{"$nulls":3},""]
[{"$nulls":6},"","",{"$nulls":4},"",null,"",{"$nulls":6},"",null,null,"",{"$nulls":3},""]
[{"$nulls":6},"","",{"$nulls":4},"",null,"",{"$nulls":6},"",null,null,"",{"$nulls":3},""]
[{"$nulls":6},"","",{"$nulls":4},"",null,"",{"$nulls":6},"",null,null,"",{"$nulls":3},""]
[{"$nulls":6},"","",{"$nulls":4},"",null,"",{"$nulls":6},"",null,null,"",{"$nulls":3},""]
[{"$nulls":6},"","",{"$nulls":4},"",null,"",{"$nulls":6},"",null,null,"",{"$nulls":3},""]
[null,null,"合  计",{"$nulls":3},"","",{"$nulls":4},"",null,2061.76,{"$nulls":6},"",null,"—","",{"$nulls":3},""]
[{"$nulls":6},"","",{"$nulls":4},"",null,"",{"$nulls":6},"",null,null,"",{"$nulls":3},""]
["注：材料（工程设备）暂估单价进入清单项目综合单价，此处不汇总。",{"$nulls":5},"","",{"$nulls":4},"",null,"",{"$nulls":6},"",null,null,"",{"$nulls":3},""]
["表— 12",{"$nulls":5},"","",{"$nulls":4},"",null,"",{"$nulls":6},"",null,null,"",{"$nulls":3},""]
["规费、税金项目清单与计价表",{"$nulls":5},"",{"$nulls":5},"",null,"",{"$nulls":6},""]
["工程名称：电气部分                                                     标段：                  第 1 页  共 1 页",{"$nulls":5},"",{"$nulls":5},"",null,"",{"$nulls":6},""]
["序号",null,"项目名称",{"$nulls":3},"","计算基础",{"$nulls":4},"",null,"",null,"计算基数",{"$nulls":3},"计算费率\n(%)","",null,null,"金额(元)"]
[1,null,"增值税销项税额",{"$nulls":3},"","分部分项合计+措施合计+其他项\n目",{"$nulls":4},"",null,"",{"$nulls":5},9,9]
[{"$nulls":6},"",{"$nulls":5},"",null,"",{"$nulls":6},""]
[{"$nulls":6},"",{"$nulls":5},"",null,"",{"$nulls":6},""]
[{"$nulls":6},"",{"$nulls":5},"",null,"",{"$nulls":6},""]
[{"$nulls":6},"",{"$nulls":5},"",null,"",{"$nulls":6},""]
[{"$nulls":6},"",{"$nulls":5},"",null,"",{"$nulls":6},""]
[{"$nulls":6},"",{"$nulls":5},"",null,"",{"$nulls":6},""]
[{"$nulls":6},"",{"$nulls":5},"",null,"",{"$nulls":6},""]
[{"$nulls":6},"",{"$nulls":5},"",null,"",{"$nulls":6},""]
[{"$nulls":6},"",{"$nulls":5},"",null,"",{"$nulls":6},""]
[{"$nulls":6},"",{"$nulls":5},"",null,"",{"$nulls":6},""]
[{"$nulls":6},"",{"$nulls":5},"",null,"",{"$nulls":6},""]
[{"$nulls":6},"",{"$nulls":5},"",null,"",{"$nulls":6},""]
[{"$nulls":6},"",{"$nulls":5},"",null,"",{"$nulls":6},""]
[{"$nulls":6},"",{"$nulls":5},"",null,"",{"$nulls":6},""]
[{"$nulls":6},"",{"$nulls":5},"",null,"",{"$nulls":6},""]
[{"$nulls":6},"",{"$nulls":5},"",null,"",{"$nulls":6},""]
[{"$nulls":6},"",{"$nulls":5},"",null,"",{"$nulls":6},""]
[{"$nulls":6},"",{"$nulls":5},"",null,"",{"$nulls":6},""]
[{"$nulls":6},"",{"$nulls":5},"",null,"",{"$nulls":6},""]
[{"$nulls":6},"",{"$nulls":5},"",null,"",{"$nulls":6},""]
[{"$nulls":6},"",{"$nulls":5},"",null,"",{"$nulls":6},""]
[{"$nulls":6},"",{"$nulls":5},"",null,"",{"$nulls":6},""]
[{"$nulls":6},"",{"$nulls":5},"",null,"",{"$nulls":6},""]
[{"$nulls":6},"",{"$nulls":5},"",null,"",{"$nulls":6},""]
[{"$nulls":6},"",{"$nulls":5},"",null,"",{"$nulls":6},""]
[{"$nulls":6},"",{"$nulls":5},"",null,"",{"$nulls":6},""]
[{"$nulls":6},"",{"$nulls":5},"",null,"",{"$nulls":6},""]
[{"$nulls":6},"",{"$nulls":5},"",null,"",{"$nulls":6},""]
[{"$nulls":6},"",{"$nulls":5},"",null,"",{"$nulls":6},""]
[{"$nulls":6},"",{"$nulls":5},"",null,"",{"$nulls":6},""]
["合    计",{"$nulls":5},"",{"$nulls":5},"",null,"",{"$nulls":6},""]
["编制人（造价人员）：",{"$nulls":5},"",{"$nulls":5},"",null,"",{"$nulls":3},"复核人（造价工程师）：",null,null,""]
[{"$nulls":6},"",{"$nulls":5},"",null,"",{"$nulls":6},"",{"$nulls":6},"— 13"]
[{"$nulls":6},"",{"$nulls":5},"",null,"",{"$nulls":6},"",{"$nulls":5},"表"]
["承包人提供主要材料和工程设备一览表\n\n(适用于造价信息差额调整法)"]
["工程名称：电气部分                                               标段：                         第 1 页  共 3 页"]
["序号","名称、规格、型号",{"$nulls":4},"单位",null,"数量",{"$nulls":3},"风险系数\n(%)",null,"基准单价\n（元）",null,null,"投标单价",{"$nulls":3},"发承包人\n确认单价\n(元)",{"$nulls":4},"备注"]
[1,"综合工日",{"$nulls":4},"工日",null,3.004]
[2,"人工费",{"$nulls":4},"元",null,17849.242]
[3,"镀锌低碳钢丝 φ1.2~2.5",{"$nulls":4},"kg",null,0.096]
[4,"镀锌低碳钢丝 φ2.5~4.0",{"$nulls":4},"kg",null,10.32]
[5,"镀锌圆钢 φ10~25",{"$nulls":4},"kg",null,56.28]
[6,"热镀锌扁钢 45*7 L=300",{"$nulls":4},"根",null,4]
[7,"镀锌圆钢 φ16 L=5m",{"$nulls":4},"kg",null,7.89]
[8,"双头头螺栓 MS18× 318",{"$nulls":4},"十套",null,12]
[9,"单头头螺栓 M16× 40",{"$nulls":4},"十套",null,9.6]
[10,"单头头螺栓 M4× 40",{"$nulls":4},"十套",null,9.6]
[11,"双头螺栓 MS18× 318",{"$nulls":4},"套",null,4]
[12,"单头头螺栓 M16× 80",{"$nulls":4},"十套",null,2]
[13,"低碳钢焊条 综合",{"$nulls":4},"kg",null,2.945]
[14,"防锈漆 C53-1",{"$nulls":4},"kg",null,3.5703]
[15,"汽油 综合",{"$nulls":4},"kg",null,0.3144]
[16,"水",{"$nulls":4},"m3",null,0.0063]
[17,"型钢",{"$nulls":4},"kg",null,32.723]
[18,"波纹管 Ф40",{"$nulls":4},"m",null,24.72]
[19,"拉线 GJ-70",{"$nulls":4},"m",null,42]
[20,"10KV瓷套跌落式熔断器 RW1\n1-10F",{"$nulls":4},"组",null,3]
[21,"10KV线路型避雷器 HY5WS-\n17/50",{"$nulls":4},"台",null,3]
[22,"复合外套低压避雷器 HY1.5\nWZ-0.2o/1.3",{"$nulls":4},"台",null,3]
[23,"热镀锌圆钢 D16",{"$nulls":4},"m",null,31.5]
[24,"绝缘子",{"$nulls":4},"个",null,40]
[25,"钢芯铝绞线交联聚乙烯绝缘\n电缆 JKLYJ-8.7/10-70mm2",{"$nulls":4},"m",null,30.39]
[26,"钢芯铝绞线交联聚乙烯绝缘\n电缆 JKLYJ-8.7/10-50mm",{"$nulls":4},"m",null,30.39]
["注： 1.此表由招标人填写除“ 投标单价 ”栏的内容，投标人在投标时自主确定投标单价。\n    2.基准单价应优先采用工程造价管理机构发布的单价，未发布的，通过市场调查确定其基准单价。"]
["表-21"]
["工程名称：电气部分                                               标段：                         第 2 页  共 3 页"]
["序号","名称、规格、型号",{"$nulls":4},"单位",null,"数量",{"$nulls":3},"风险系数\n(%)",null,"基准单价\n（元）",null,null,"投标单价",{"$nulls":3},"发承包人\n确认单价\n(元)",{"$nulls":4},"备注"]
[null,2]
[27,"10KV钢芯铝绞线 JL-G1A-7\n0",{"$nulls":4},"m",null,595.53]
[28,"低压铝芯绝缘电线 BLVV-1*\n240",{"$nulls":4},"m",null,895.84]
[29,"铝芯双层塑料电线 BLVV-12\n0mm2",{"$nulls":4},"m",null,285.04]
[30,"变压器高压侧设备线夹 ST-\n1",{"$nulls":4},"套",null,3]
[31,"铜铝活动线夹",{"$nulls":4},"套",null,6]
[32,"锥形电杆 钢筋混凝土材质\nD190*12米*K*Y",{"$nulls":4},"根",null,6.03]
[33,"锥形电杆 钢筋混凝土材质\nD190*10米*K*Y",{"$nulls":4},"根",null,2.01]
[34,"锥形电杆 钢筋混凝土材质\nD190*8米*K*Y",{"$nulls":4},"根",null,4.02]
[35,"双顶抱箍 BGSS-190",{"$nulls":4},"套",null,6]
[36,"Ⅱ抱箍 BG2-80-190",{"$nulls":4},"套",null,3]
[37,"Ⅲ抱箍 BG3-80-190",{"$nulls":4},"套",null,2]
[38,"Ⅰ抱箍 BG1-80-190",{"$nulls":4},"套",null,3]
[39,"混凝土底盘 800*800*150",{"$nulls":4},"块",null,12.06]
[40,"混凝土拉盘 600*1200*200",{"$nulls":4},"块",null,4.02]
[41,"混凝土卡盘 300*1000",{"$nulls":4},"块",null,12.06]
[42,"镀锌角铁横担 17.16kg/根\n∠63× 6× 3000",{"$nulls":4},"根",null,7]
[43,"变压器台架  61.75kg/根\n[140*58*6 L=4250",{"$nulls":4},"根",null,2]
[44,"槽钢横担 1.989kg/根 [63\n*40*4.8 L=300",{"$nulls":4},"根",null,2]
[45,"瓷横担 SQ-210",{"$nulls":4},"组",null,24.48]
[46,"四位角铁街码",{"$nulls":4},"组",null,10.1]
[47,"角钢横担 2根/组 HD63/06\n-230",{"$nulls":4},"组",null,6.06]
[48,"柱式绝缘子 PS-15T",{"$nulls":4},"组",null,12]
[]
["注： 1.此表由招标人填写除“ 投标单价 ”栏的内容，投标人在投标时自主确定投标单价。\n    2.基准单价应优先采用工程造价管理机构发布的单价，未发布的，通过市场调查确定其基准单价。"]
["表-21"]
["承包人提供主要材料和工程设备一览表\n\n(适用于造价信息差额调整法)"]
["工程名称：电气部分                                               标段：                         第 3 页  共 3 页"]
["序号","名称、规格、型号",{"$nulls":4},"单位",null,"数量",{"$nulls":3},"风险系数\n(%)",null,"基准单价\n（元）",null,null,"投标单价",{"$nulls":3},"发承包人\n确认单价\n(元)",{"$nulls":4},"备注"]
[49,"角钢横担 2根/组 HD75/15\n-230",{"$nulls":4},"组",null,1.01]
[50,"横担斜撑 2根/组 XHD-50/\n10",{"$nulls":4},"组",null,2.02]
[51,"绝缘子 PS-15T",{"$nulls":4},"组",null,3]
[52,"绝缘子串",{"$nulls":4},"组",null,6]
[53,"开关标示牌 320*200",{"$nulls":4},"个",null,3.03]
[54,"禁止标示牌 400*320",{"$nulls":4},"个",null,4.04]
[55,"架空线路标示牌 320*260",{"$nulls":4},"个",null,1.01]
[56,"相线标示牌",{"$nulls":4},"个",null,8.08]
[57,"街码抱箍 抱7-160",{"$nulls":4},"副",null,10]
[58,"角钢接地极 L50× 5 L=250\n0",{"$nulls":4},"根",null,7]
[59,"配电箱 400*600*250",{"$nulls":4},"台",null,2]
[60,"隔离开关 HGW9-10/400A",{"$nulls":4},"组",null,6]
[61,"原变压器",{"$nulls":4},"台",null,1]
[62,"瓷横担 SC210",{"$nulls":4},"根",null,9]
[63,"耐张联板 NL-50-585",{"$nulls":4},"套",null,2]
[64,"C型线夹",{"$nulls":4},"套",null,6]
[65,"拉线 GJ-70",{"$nulls":4},"根",null,2]
[66,"400A/4P漏电开关",{"$nulls":4},"台",null,2]
[67,"拉线抱箍 BGL",{"$nulls":4},"副",null,4]
[68,"拉线棒 LB20-3200",{"$nulls":4},"根",null,4]
[69,"延长环 PH-10",{"$nulls":4},"个",null,4]
[70,"套塑铁线 16#",{"$nulls":4},"m",null,120]
[71,"机上人工",{"$nulls":4},"工日",null,2.4572]
[72,"汽油 (机械用)国Ⅲ93#",{"$nulls":4},"kg",null,7.6825]
[73,"柴油 (机械用)0#",{"$nulls":4},"kg",null,30.3348]
[74,"汽油 (机械用)国Ⅲ93#",{"$nulls":4},"kg",null,4.3338]
[75,"柴油 (机械用)0#",{"$nulls":4},"kg",null,1.1588]
[76,"机上人工",{"$nulls":4},"工日",null,0.222]
[]
["注： 1.此表由招标人填写除“ 投标单价 ”栏的内容，投标人在投标时自主确定投标单价。\n    2.基准单价应优先采用工程造价管理机构发布的单价，未发布的，通过市场调查确定其基准单价。"]
["表-21"]
["单位工程招标控制价汇总表"]
["工程名称：市政部分                                               标段：                         第 1 页  共 1 页"]
["序号",null,null,"汇总内容",{"$nulls":11},"金额:(元)",{"$nulls":7},"其中：暂估价(元)"]
[1,null,null,"分部分项合计"]
[1.1,null,null,"转角线杆"]
[1.2,null,null,"金属网栏"]
[1.3,null,null,"D190mm× 10m× K× Y电杆"]
[1.4,null,null,"D190mm× 8m× K× Y电杆"]
[1.5,null,null,"D190mm× 12m× K× Y电杆"]
[2,null,null,"措施合计"]
[2.1,null,null,"绿色施工安全防护措施费",{"$nulls":11},1119.82]
[2.2,null,null,"其他措施费"]
[3,null,null,"其他项目",{"$nulls":19},"-"]
[3.1,null,null,"暂列金额"]
[3.2,null,null,"暂估价"]
[3.3,null,null,"计日工"]
[3.4,null,null,"总承包服务费"]
[3.5,null,null,"预算包干费"]
[3.6,null,null,"工程优质费"]
[3.7,null,null,"概算幅度差"]
[3.8,null,null,"索赔费用"]
[3.9,null,null,"现场签证费用"]
[{"v":3.1,"d":"3.10"},null,null,"其他费用"]
[4,null,null,"税前工程造价"]
[5,null,null,"增值税销项税额",{"$nulls":19},"-"]
[6,null,null,"总造价"]
[7,null,null,"人工费"]
{"$rows_empty":8}
["招标控制价合计=1+2+3+5",{"$nulls":14},1119.82]
[]
["注：本表适用于单位工程招标控制价或投标报价的汇总，如无单位工程划分，单项工程也使用本表汇总"]
["表— 04"]
["分部分项工程和单价措施项目清单与计价表"]
["工程名称：市政部分                                               标段：                         第 1 页  共 2 页"]
["序号","项目编码",{"$nulls":3},"项目名称",null,null,"项目特征描述",{"$nulls":7},"计量\n单位","工程量",null,null,"金额（元）"]
[{"$nulls":20},"综合单价",null,null,"综合合价",{"$nulls":3},"其中"]
[{"$nulls":27},"暂估价"]
[{"$nulls":5},"转角线杆"]
[1,"040101002004",{"$nulls":3},"挖沟槽土方",null,null,"1.人工挖一、二类土方\n2.部位:转角线杆",{"$nulls":7},"m3",7.68]
[2,"040103001004",{"$nulls":3},"回填方",null,null,"1.回填土 夯实机夯实",{"$nulls":7},"m3",7.68]
[{"$nulls":5},"金属网栏"]
[3,"010607004001",{"$nulls":3},"金属网栏",null,null,"1.名称:台架围栏，高度2.55\n米\n2.材料品种、规格:Φ4*50*50\n热镀锌钢丝网\n3.边框及立柱型钢品种、规格\n:四角DN150镀锌管立柱，中间\n边框50*25*3镀锌方管，具体\n见图",{"$nulls":7},"m2",40.48]
[4,"010507002001",{"$nulls":3},"室外地坪",null,null,"1.部位:操作平台 4.3*4.8m\n2.地坪厚度:200mm\n3.混凝土强度等级:普通商品\n混凝土 C25",{"$nulls":7},"m2",20.64]
[{"$nulls":5},"D190mm× 10m\n× K× Y电杆"]
[5,"040101002001",{"$nulls":3},"挖沟槽土方",null,null,"1.名称:人工挖沟槽土方\n2.土壤类别:一、二类土",{"$nulls":7},"m3",6.2259]
[6,"040103002001",{"$nulls":3},"余方弃置",null,null,"1.名称:废料外运\n2.运距:投标人自行考虑",{"$nulls":7},"m3",6.2259]
[7,"040303002003",{"$nulls":3},"混凝土基础",null,null,"1.名称:基础C20砼灌浆，具体\n尺寸数量见图",{"$nulls":7},"m3",1.36]
[8,"040205017003",{"$nulls":3},"防撞筒(墩)",null,null,"1.名称:圆柱形防撞墩，红白\n相间。",{"$nulls":7},"个",2]
[{"$nulls":5},"D190mm× 8m×\nK× Y电杆"]
[9,"040101002002",{"$nulls":3},"挖沟槽土方",null,null,"1.名称:人工挖沟槽土方\n2.土壤类别:一、二类土",{"$nulls":7},"m3",6.08]
[10,"040103002002",{"$nulls":3},"余方弃置",null,null,"1.名称:废料外运\n2.运距:投标人自行考虑",{"$nulls":7},"m3",6.08]
[11,"040303002002",{"$nulls":3},"混凝土基础",null,null,"1.名称:基础C20砼灌浆，具体\n尺寸数量见图",{"$nulls":7},"m3",2.72]
[12,"040205017002",{"$nulls":3},"防撞筒(墩)",null,null,"1.名称:圆柱形防撞墩，红白\n相间。",{"$nulls":7},"个",4]
[{"$nulls":5},"D190mm× 12m\n× K× Y电杆"]
["本页小计"]
[]
["注：为计取规费等的使用，可在表中增设其中：  “ 定额人工费 ”。"]
["表— 08"]
["分部分项工程和单价措施项目清单与计价表"]
["工程名称：市政部分                                               标段：                         第 2 页  共 2 页"]
["序号","项目编码",{"$nulls":3},"项目名称",null,null,"项目特征描述",{"$nulls":7},"计量\n单位","工程量",null,null,"金额（元）"]
[{"$nulls":20},"综合单价",null,null,"综合合价",{"$nulls":3},"其中"]
[{"$nulls":27},"暂估价"]
[13,"040101002003",{"$nulls":3},"挖沟槽土方",null,null,"1.名称:人工挖沟槽土方\n2.土壤类别:一、二类土",{"$nulls":7},"m3",18.6778]
[14,"040103002003",{"$nulls":3},"余方弃置",null,null,"1.名称:废料外运\n2.运距:投标人自行考虑",{"$nulls":7},"m3",18.6778]
[15,"040303002001",{"$nulls":3},"混凝土基础",null,null,"1.名称:基础C20砼灌浆，具体\n尺寸数量见图",{"$nulls":7},"m3",4.08]
[16,"040205017001",{"$nulls":3},"防撞筒(墩)",null,null,"1.名称:圆柱形防撞墩，红白\n相间。",{"$nulls":7},"个",6]
[{"$nulls":5},"措施项目"]
{"$rows_empty":21}
["本页小计"]
["合   计"]
[]
["注：为计取规费等的使用，可在表中增设其中：  “ 定额人工费 ”。"]
["表— 08"]
["总价措施项目清单与计价表"]
["工程名称：市政部分                                               标段：                         第 1 页  共 2 页"]
["序号","项目编码",null,null,"项目名称",{"$nulls":3},"计算基础",{"$nulls":4},"费率\n(%)",null," 金额\n(元)",null,null,"调整\n费率(%)",{"$nulls":3},"调整后\n金额(元)",{"$nulls":3},"备注"]
[1,"LSSGCSF00001",null,null,"绿色施工安全防护\n措施费",{"$nulls":3},"分部分项人工\n费+分部分项机\n具费",{"$nulls":4},19.8,null,"1119.82",{"$nulls":10},"以分部分项\n的人工费与\n施工机具费\n之和为计算\n基础；以专\n业工程类型\n区分不同费\n率计算；\n单独场地平\n整工程费率\n为4.35%；\n道路、管网\n工程费率为\n16.50%；\n桥涵、隧道\n、水处理构\n筑物工程费\n率为14.50%\n;\n\n分部分项工\n程总费用在\n300 万元以\n内（含300\n万元）的项\n目按基本费\n率乘以1.20\n;"]
[2,"粤0411090090\n01",null,null,"文明工地增加费",{"$nulls":3},"分部分项人工\n费+分部分项机\n具费",{"$nulls":4},0,{"$nulls":12},"以分部分项\n的人工费与\n施工机具费\n之和为计算\n基础；市级\n文明工地0.\n60%；省级\n文明工地1.\n20%"]
[3,"041109002001",null,null,"夜间施工增加费",{"$nulls":8},20,{"$nulls":12},"以夜间施工\n项目人工费\n的20%计算"]
[4,"041109005001",null,null,"交通疏解员增加费",{"$nulls":8},15,{"$nulls":12},"按照项目分\n部分项人工\n费的15%计\n算（有方案\n的按照方案\n计算），"]
["\n编制人（造价人员）：",{"$nulls":3},"复核人（造价工程师）：\n表-11"]
["工程名称：市政部分                                               标段：                         第 2 页  共 2 页"]
["序号","项目编码",null,null,"项目名称",{"$nulls":3},"计算基础",{"$nulls":4},"费率\n(%)",null," 金额\n(元)",null,null,"调整\n费率(%)",{"$nulls":3},"调整后\n金额(元)",{"$nulls":3},"备注"]
[{"$nulls":26},"结算时据实\n  结算。"]
[5,"041108001001",null,null,"地下管线交叉降效\n费",{"$nulls":8},0,{"$nulls":12},"按实际发生\n或经批准的\n施工方案计\n    算"]
[6,"粤0411090080\n01",null,null,"赶工措施费",{"$nulls":3},"分部分项人工\n费+分部分项机\n具费",{"$nulls":4},0,{"$nulls":12},"赶工措施费\n=（1- δ) *\n分部分项的\n（人工费+\n施工机具费\n) *0.30  (\n0.8≤δ＜1\n    式中：\nδ=合同工\n期/定额工\n   期）"]
[7,"QTFY00000001",null,null,"其他费用",{"$nulls":21},"按实际发生\n或经批准的\n施工组织设\n计方案计算"]
{"$rows_empty":16}
["合    计",{"$nulls":14},"1119.82"]
["编制人（造价人员）：",{"$nulls":3},"复核人（造价工程师）：\n表-11"]
["其他项目清单与计价汇总表"]
["工程名称：市政部分                                               标段：                         第 1 页  共 1 页"]
["序号",null,"项目名称",{"$nulls":10},"金额（元）",{"$nulls":3},"结算金额（元）",{"$nulls":5},"备注"]
[1,null,"暂列金额",{"$nulls":20},"明细详见表-12-1"]
[2,null,"暂估价"]
[2.1,null,"材料暂估价",{"$nulls":10},"",{"$nulls":9},"明细详见表-12-2"]
[2.2,null,"专业工程暂估价",{"$nulls":20},"明细详见表-12-3"]
[3,null,"计日工",{"$nulls":20},"明细详见表-12-4"]
[4,null,"总承包服务费",{"$nulls":20},"明细详见表-12-5"]
[5,null,"预算包干费"]
[6,null,"工程优质费"]
[7,null,"概算幅度差"]
[8,null,"现场签证费用"]
[9,null,"索赔费用"]
[10,null,"其他费用"]
{"$rows_empty":19}
[null,null,"合  计",{"$nulls":20},"—"]
[]
["注：材料（工程设备）暂估单价进入清单项目综合单价，此处不汇总。"]
["表— 12"]
["规费、税金项目清单与计价表"]
["工程名称：市政部分                                                     标段：                  第 1 页  共 1 页"]
["序号",null,"项目名称",{"$nulls":4},"计算基础",{"$nulls":8},"计算基数",{"$nulls":3},"计算费率\n(%)",{"$nulls":3},"金额(元)"]
[1,null,"增值税销项税额",{"$nulls":4},"分部分项合计+措施合计+其他项\n目",{"$nulls":12},9]
{"$rows_empty":30}
["合    计"]
["编制人（造价人员）：",{"$nulls":17},"复核人（造价工程师）："]
[{"$nulls":28},"— 13"]
[{"$nulls":27},"表"]
["承包人提供主要材料和工程设备一览表\n\n(适用于造价信息差额调整法)"]
["工程名称：市政部分                                               标段：                         第 1 页  共 1 页"]
["序号","名称、规格、型号",{"$nulls":4},"单位",null,"数量",{"$nulls":3},"风险系数\n(%)",null,"基准单价\n（元）",null,null,"投标单价",{"$nulls":3},"发承包人\n确认单价\n(元)",{"$nulls":4},"备注"]
[1,"人工费",{"$nulls":4},"元",null,4483.6992]
[2,"镀锌钢丝网 φ4× 50× 50",{"$nulls":4},"m2",null,42.504]
[3,"水",{"$nulls":4},"m3",null,2.3603]
[4,"圆柱形电杆防撞墩",{"$nulls":4},"个",null,12]
[5,"普通商品混凝土 碎石粒径\n综合考虑 C20",{"$nulls":4},"m3",null,8.2416]
[6,"普通商品混凝土 碎石粒径\n综合考虑 C25",{"$nulls":4},"m3",null,4.2106]
[7,"热镀锌钢管 综合",{"$nulls":4},"kg",null,760.328]
[8,"预拌混凝土",{"$nulls":4},"m3",null,12.4522]
[9,"机上人工",{"$nulls":4},"工日",null,1.9421]
[10,"柴油 (机械用)0#",{"$nulls":4},"kg",null,30.9676]
{"$rows_empty":19}
["注： 1.此表由招标人填写除“ 投标单价 ”栏的内容，投标人在投标时自主确定投标单价。\n    2.基准单价应优先采用工程造价管理机构发布的单价，未发布的，通过市场调查确定其基准单价。"]
["表-21"]